| 000 | 00350nam a2200133Ia 4500 | ||
|---|---|---|---|
| 005 | 20251222144908.0 | ||
| 008 | 251222s9999||||xx |||||||||||||| ||spa|| | ||
| 020 | _a88-16-50063-8 | ||
| 082 | _a828.9/M26 | ||
| 100 | _aMarshall, Bruce | ||
| 245 | 0 | _aTutta la Gloria nel Profondo. Il Mondo, la Carne e Padre Smith | |
| 264 | _bJaca Book | ||
| 942 | _cLIB | ||
| 999 |
_c22247 _d22247 |
||